Industrial Painting : (Record no. 145494)

MARC details
000 -LEADER
fixed length control field 00558nam a22001817a 4500
005 - DATE AND TIME OF LATEST TRANSACTION
control field 20170926113904.0
010 ## - LCCN (DPL NO)
LC control number ENG-120642
020 ## - INTERNATIONAL STANDARD BOOK NUMBER
International Standard Book Number 9788179664360
Terms of availability 110.00
035 ## - SYSTEM CONTROL NUMBER
System control number EN-104174
037 ## - SOURCE OF ACQUISITION
Source of stock number/acquisition DBAD/PUB
082 ## - DEWEY DECIMAL CLASSIFICATION NUMBER
Classification number 667.9
100 ## - MAIN ENTRY--PERSONAL NAME
Personal name Sridharan, K. S.
245 ## - TITLE STATEMENT
Title Industrial Painting :
Remainder of title english and tamil /
Statement of responsibility, etc by K.S. Sridharan
260 ## - PUBLICATION, DISTRIBUTION, ETC. (IMPRINT)
Place of publication, distribution, etc Chennai
Name of publisher, distributor, etc Emerald Publihers
Date of publication, distribution, etc 2017
270 ## - ADDRESS
Address 15A, First Floor, Casa Major Road, Egmore,
City Chennai
Postal code 600008
300 ## - PHYSICAL DESCRIPTION
Extent 80p. :
Other physical details 24cm(pbk).
Dimensions ill.
942 ## - ADDED ENTRY ELEMENTS (KOHA)
Source of classification or shelving scheme Dewey Decimal Classification
Item type English Books
Classification part 667.9
Call number suffix SRI
Holdings
Withdrawn status Lost status Not for loan Collection code Home library Current library Date acquired Source of acquisition Cost, normal purchase price Full call number Barcode Copy number Cost, replacement price Koha item type
    Not For Loan Non-fiction D.B.Act.Division Bawana 26/09/2017 DBAD/PUB 110.00 667.9 SRI EN-104174 1 110.00 English Books

© Delhi Public Library
Hit Counter
free hit counter